El arte de las flores en Europa (Record no. 36358)

MARC details
000 -LEADER
campo de control de longitud fija 00640nam a2200181 i 4500
001 - NÚMERO DE CONTROL
campo de control 36358
003 - IDENTIFICADOR DE NÚMERO DE CONTROL
campo de control ES-MaACL
005 - FECHA Y HORA DE LA ÚLTIMA TRANSACCIÓN
campo de control 20230906155343.0
007 - CAMPO FIJO DE DESCRIPCIÓN FÍSICA--INFORMACIÓN GENERAL
campo de control de longitud fija t|
008 - DATOS DE LONGITUD FIJA--INFORMACIÓN GENERAL
campo de control de longitud fija 030218s1970 sp ||||1| spa d
100 1# - ENTRADA PRINCIPAL--NOMBRE DE PERSONA
Nombre de persona Buffet-Challie, Laurence.
9 (RLIN) 32435
245 13 - MENCIÓN DEL TÍTULO
Título El arte de las flores en Europa
Resto del título : cómo confeccionar un ramo /
Mención de responsabilidad, etc. por Laurence Buffet-Challie ; asesor floral: Jacques Bédat ; [traducción de Roser Berdagué].
260 ## - PUBLICACIÓN, DISTRIBUCIÓN, ETC.
Lugar de publicación, distribución, etc. Barcelona :
Nombre del editor, distribuidor, etc. Aymá,
Fecha de publicación, distribución, etc. [1970]
300 ## - DESCRIPCIÓN FÍSICA
Extensión 208 p., 6 lám. :
Otras características físicas il. ;
Dimensiones 25 cm.
700 1# - ENTRADA AGREGADA--NOMBRE PERSONAL
Nombre de persona Bédat, Jacques.
9 (RLIN) 26988
700 1# - ENTRADA AGREGADA--NOMBRE PERSONAL
Nombre de persona Berdagué, Roser.
9 (RLIN) 27859
852 ## - LOCALIZACIÓN
Ubicación ES-MaACL
Número de control de estantería C-37575
Sublocalización o colección R.75990
Holdings
Estatus retirado Estado de pérdida Estado de daño No para préstamo Biblioteca de origen Biblioteca actual Ubicación en estantería Fecha de adquisición Fuente de adquisición Total de préstamos Signatura topográfica completa Código de barras Visto por última vez Precio de reemplazo Tipo de ítem Koha
        Biblioteca del Ateneo de Madrid Biblioteca del Ateneo de Madrid Depósito 2 17/01/2008     C-37575 1038175 23/02/2023 23/02/2023 Libro impreso